000 00468nam a2200181Ia 4500
008 240925s9999 xx 000 0 und d
020 _a9780007449392
082 _a823.912 JOY
100 _aJoyce, James
245 2 _aA Portrait of the Artist as a Yung Man
250 _a1st
260 _alondon:
_bHarper Collins pub
_c,2011.
300 _a112p.
_bNA
_fOriginal
500 _aNA
600 _aHumanities & Natural Science
650 _aLiterature
942 _cBK
999 _c14229
_d14229